| 000 | 00776nam a2200277 a 4500 | ||
|---|---|---|---|
| 003 | AR-BaBNM | ||
| 005 | 20251128210848.0 | ||
| 008 | 082120s2002 ||||||||||||||000 | spa|| | ||
| 020 | _a84-253-3271-0 | ||
| 040 | _cAR-BaBNM | ||
| 245 | 0 | 0 |
_aDime cómo _bhacer experimentos, cultivar plantas, conocer la naturaleza _n2 |
| 250 | _a1ª ed. | ||
| 260 |
_aBarcelona _bGrijalbo _c1998 |
||
| 300 |
_a126 p. _bil. |
||
| 500 | _aContiene índice temático | ||
| 650 | 4 | _aEDUCACION ARTISTICA | |
| 650 | 4 | _aARTESANIAS | |
| 650 | 4 | _aACTIVIDADES RECREATIVAS | |
| 650 | 4 | _aEXPERIMENTOS CIENTIFICOS | |
| 653 | _aMANUALIDADES | ||
| 653 | _aEDUCACION TECNOLOGICA | ||
| 653 | _aACTIVIDADES PRACTICAS | ||
| 700 | 1 |
_aSaslavsky, Irene _etraductor |
|
| 942 | _cBK | ||
| 998 | _cRAQUEL | ||
| 999 |
_c17208 _d17208 |
||